000 00873nas a2200277 4500
001 BR2012005342
003 BR-BrBNA
005 20231205120847.0
007 ta
008 230509b bl.|||p| |||| 00| 00por d
040 _aBR-BrBNA
_bpor
_cBiblioteca Nacional de Agricultura
041 _a(Pt)
072 _aH10
100 1 _aTrivellato, G.F.
100 1 _aBerti Filho, E.
100 1 _aPoletti, M.
245 1 _aAspectos biológicos e suas implicações na produção massal de Chrysoperla externa HAGEN, 1861 (Neuroptera: Chrysopidae)
650 _aPRAGA DE PLANTA
650 _aCONTROLE BIOLÓGICO
650 _aINSETO
650 _aNEUROPTERA
650 _aCRIAÇÃO MASSAL
773 0 _tRevista de Agricultura (Brazil)
_xISSN 0034-7655
_g(Jun 2012), v. 87(1) p. 45-53
_wBR2012005342
909 _a202311
_bLúcia
_c55
_dLúcia Elande
942 _2AGRIS
_n0
_cANA
999 _c220689
_d220689